Kadra Australii na mundial 2022 - Statystyki

Ogólne statystyki
  • Ten quiz został rozwiązany 23 razy
  • Średni wynik to 13 z 26
Statystyki odpowiedzi
Pozycja Zawodnik % Poprawnych
Napastnik Matthew Leckie
93%
Bramkarz Matthew Ryan
93%
Napastnik Mitchell Duke
79%
Pomocnik Aaron Mooy
71%
Napastnik Craig Goodwin
64%
Obrońca Harry Souttar
64%
Obrońca Milos Degenek
64%
Pomocnik Ajdin Hrustic
57%
Napastnik Awer Mabil
57%
Bramkarz Andrew Redmayne
50%
Pomocnik Jackson Irvine
50%
Obrońca Aziz Behich
43%
Obrońca Bailey Wright
43%
Napastnik Jamie Maclaren
43%
Obrońca Kye Rowles
43%
Obrońca Nathaniel Atkinson
43%
Pomocnik Cameron Devlin
36%
Bramkarz Danny Vukovic
36%
Obrońca Fran Karacic
36%
Pomocnik Keanu Baccus
36%
Pomocnik Riley McGree
36%
Napastnik Jason Cummings
29%
Obrońca Joel King
29%
Napastnik Martin Boyle
29%
Napastnik Garang Kuol
21%
Obrońca Thomas Deng
21%
Nie znaleziono quizów pasujących do podanych kryteriów
Rozkład punktacji
Procent ludzi z każdym wynikiem
Percentyl według liczby udzielonych odpowiedzi
Twoja historia wyników
Nie rozwiązałeś tego quizu